000 00364nam a2200133Ia 4500
005 20251222144912.0
008 251222s9999||||xx |||||||||||||| ||spa||
020 _a84-7392-416-9
082 _a370.11/G64
100 _aGómez Sierra, María Eugenia
245 0 _aUna Pedagogía para El Hombre de Hoy
264 _bFundación Universitaria Española
942 _cLIB
999 _c22385
_d22385